000 00548nam a22001577a 4500
005 20251108164839.0
008 250721s9999 xx 000 0 ara d
082 1 4 _a616.742/أمي
100 1 _aرويحة، أمين
245 1 0 _aالروماتيزم :
_bتكونه - شفاؤه - النقرس - الروماتيزم العضلي و المفصلي - الديسك - عرق الأنسر /
264 1 _aبيروت :
_bدار القلم،
_c[19-].
300 _a220ص : مص
650 1 7 _aالروماتزم
942 _2ddc
_cBK
999 _c15773
_d15773